[Event "17MCR_F"]
[Site "?"]
[Date "2005.??.??"]
[Round "?"]
[White "Hala, Martin"]
[Black "Masek, Jan"]
[Result "0-1"]
[WhiteElo "2383"]
[BlackElo "2368"]
[PlyCount "74"]
[EventDate "2005.??.??"]
[EventType "corr"]
[SourceDate "2005.03.19"]

1. e4 e5 2. Nf3 Nc6 3. Bb5 a6 4. Ba4 Nf6 5. O-O Be7 6. Re1 b5 7. Bb3 O-O 8. c3
d5 9. exd5 Nxd5 10. Nxe5 Nxe5 11. Rxe5 c6 12. Re1 Bd6 13. d3 Qh4 14. g3 Qh3 15.
Re4 Qf5 16. Nd2 Qg6 17. Re1 f5 18. c4 f4 19. Ne4 fxg3 20. fxg3 Bg4 21. Qc2 bxc4
22. dxc4 Rae8 23. cxd5 Bf3 24. dxc6+ Kh8 25. Bd5 Bxg3 26. hxg3 Rxe4 27. Bf4
Rxe1+ 28. Rxe1 Qxc2 29. Bxf3 h5 30. Re5 g6 31. Be4 Qd1+ 32. Kh2 h4 33. Bg2 Qc2
34. Rg5 hxg3+ 35. Bxg3 Kg7 36. Be5+ Kf7 37. Rg3 Qc5 0-1

[Event "17MCR_F"]
[Site "?"]
[Date "2005.??.??"]
[Round "?"]
[White "Masek, Jan"]
[Black "Pytlik, Lesek"]
[Result "1/2-1/2"]
[WhiteElo "2368"]
[BlackElo "2365"]
[PlyCount "89"]
[EventDate "2005.??.??"]
[EventType "corr"]
[SourceDate "2005.03.19"]

1. e4 e6 2. d4 d5 3. Nd2 c5 4. exd5 Qxd5 5. Ngf3 cxd4 6. Bc4 Qd6 7. O-O Nf6 8.
Nb3 Nc6 9. Nbxd4 Nxd4 10. Nxd4 a6 11. Bb3 Qc7 12. Qf3 Bd6 13. h3 Bh2+ 14. Kh1
Be5 15. c3 h6 16. Be3 Bd7 17. a4 O-O 18. Rfe1 Rad8 19. Rad1 Rfe8 20. Bc2 Bc8
21. Nb3 Rxd1 22. Qxd1 Rd8 23. Qe2 Bd7 24. Bd4 Bxd4 25. Nxd4 Qb6 26. Nf3 Be8 27.
Ne5 Nd5 28. Rd1 Nf4 29. Rxd8 Qxd8 30. Qe3 Nd5 31. Qd2 Qb6 32. Kg1 Kf8 33. Bd1
Qc5 34. c4 Nb6 35. Qf4 f6 36. Nd3 Qxc4 37. Qd6+ Kf7 38. Nc5 Qd5 39. Bh5+ g6 40.
Qxb6 gxh5 41. Nxb7 Kg6 42. Nc5 Bc6 43. f3 Qd1+ 44. Kh2 Qd6+ 45. Kg1 1/2-1/2

[Event "17MCR_F"]
[Site "?"]
[Date "2005.??.??"]
[Round "?"]
[White "Sochor, Frantisek"]
[Black "Kostal, Jindrich"]
[Result "1/2-1/2"]
[WhiteElo "2308"]
[BlackElo "2405"]
[PlyCount "78"]
[EventDate "2005.??.??"]
[EventType "corr"]
[SourceDate "2005.03.19"]

1. e4 e5 2. Nf3 Nc6 3. d4 exd4 4. Nxd4 Bc5 5. Be3 Qf6 6. c3 Nge7 7. Bc4 Ne5 8.
Be2 d5 9. O-O O-O 10. f4 N5c6 11. e5 Qh4 12. Qc1 Bxd4 13. cxd4 Nf5 14. Qd2 Nxe3
15. Qxe3 Ne7 16. Nd2 c6 17. Nf3 Qh6 18. Rae1 Re8 19. Nd2 a5 20. Bd3 Bf5 21.
Bxf5 Nxf5 22. Qd3 Qg6 23. Rf2 Rad8 24. Nf1 f6 25. Ne3 Nxe3 26. Qxg6 hxg6 27.
Rxe3 g5 28. g3 g4 29. Kg2 Kf7 30. h3 gxh3+ 31. Kxh3 fxe5 32. fxe5+ Ke6 33. Rb3
Rh8+ 34. Kg2 Rd7 35. Rb6 Rc7 36. a4 Re8 37. Rf3 Rd8 38. Rfb3 Rb8 39. R3b5 Kf5
1/2-1/2

[Event "17MCR_F"]
[Site "?"]
[Date "2005.??.??"]
[Round "?"]
[White "Hybl, Vladislav"]
[Black "Boukal, Petr"]
[Result "1/2-1/2"]
[WhiteElo "2305"]
[BlackElo "2415"]
[PlyCount "59"]
[EventDate "2005.??.??"]
[EventType "corr"]
[SourceDate "2005.03.19"]

1. d4 g6 2. e4 Bg7 3. Nc3 d6 4. Be3 a6 5. Qd2 Nd7 6. a4 b6 7. Bc4 Bb7 8. f3 e6
9. Nge2 Ngf6 10. O-O d5 11. exd5 exd5 12. Bb3 O-O 13. Bg5 c6 14. Ng3 a5 15.
Rfe1 Re8 16. Rxe8+ Qxe8 17. Re1 Qf8 18. Nd1 Qb4 19. Qxb4 axb4 20. c3 bxc3 21.
bxc3 Nf8 22. Ne2 Ne6 23. Be3 Bf8 24. Nf4 Re8 25. Nxe6 Rxe6 26. Kf2 Bd6 27. g3
Kg7 28. Nb2 Ba6 29. Bc2 Nd7 30. Nd3 1/2-1/2

[Event "17MCR_F"]
[Site "?"]
[Date "2005.??.??"]
[Round "?"]
[White "Vozda, Jindrich"]
[Black "Pravec, Ladislav"]
[Result "1/2-1/2"]
[WhiteElo "2494"]
[BlackElo "2381"]
[PlyCount "85"]
[EventDate "2005.??.??"]
[EventType "corr"]
[SourceDate "2005.03.19"]

1. e4 c5 2. Nf3 Nc6 3. d4 cxd4 4. Nxd4 Nf6 5. Nc3 e6 6. a3 d6 7. Bc4 Be7 8. O-O
O-O 9. Ba2 Nxd4 10. Qxd4 b6 11. Qd3 Bb7 12. Re1 Rc8 13. Qg3 Kh8 14. Bd2 Qc7 15.
Rad1 Qc5 16. Be3 Qh5 17. f3 Nd7 18. Rd2 Bf6 19. Bd4 Ne5 20. Red1 Qh6 21. f4 Bh4
22. Qe3 Nc6 23. Nb5 Nxd4 24. Qxd4 Be7 25. Nxd6 Bxd6 26. Qxd6 Bxe4 27. c3 Qg6
28. Bc4 Kg8 29. Bf1 Qf5 30. Rd4 h6 31. Qe5 Qxe5 32. fxe5 Bd5 33. c4 Bc6 34. g3
Rc7 35. Rd6 Rfc8 36. Rd8+ Be8 37. R1d7 Rxd7 38. Rxc8 Kf8 39. b4 Ke7 40. Kf2 f6
41. exf6+ gxf6 42. Ke3 Rd8 43. Rxd8 1/2-1/2

[Event "17MCR_F"]
[Site "?"]
[Date "2005.??.??"]
[Round "?"]
[White "Pytlik, Lesek"]
[Black "Hala, Martin"]
[Result "1-0"]
[WhiteElo "2365"]
[BlackElo "2383"]
[PlyCount "79"]
[EventDate "2005.??.??"]
[EventType "corr"]
[SourceDate "2005.03.19"]

1. e4 e5 2. Nf3 Nc6 3. Bc4 Nf6 4. d3 Be7 5. O-O O-O 6. a4 d5 7. exd5 Nxd5 8.
Re1 Qd6 9. Nbd2 Nf4 10. Ne4 Qg6 11. Ng3 Bd6 12. Bb5 f6 13. c3 Bg4 14. d4 Rae8
15. d5 a6 16. dxc6 axb5 17. cxb7 Nd3 18. a5 Nxe1 19. Qxe1 Bd7 20. a6 Bc6 21.
Nh4 Qd3 22. Nhf5 Qd5 23. f3 Bxb7 24. axb7 Qxb7 25. Ne4 Qc8 26. g4 Qe6 27. Qf1
b4 28. Ra7 Ra8 29. Qa6 Rxa7 30. Qxa7 Rf7 31. Nexd6 cxd6 32. Qb8+ Rf8 33. Qxb4
h5 34. Bd2 Rd8 35. Qb7 Qf7 36. Qxf7+ Kxf7 37. gxh5 d5 38. Kf2 Rh8 39. Ng3 Ra8
40. b4 1-0

[Event "17MCR_F"]
[Site "?"]
[Date "2005.??.??"]
[Round "?"]
[White "Priesol, Daniel"]
[Black "Laurenc, Petr"]
[Result "0-1"]
[WhiteElo "2318"]
[BlackElo "2484"]
[PlyCount "92"]
[EventDate "2005.??.??"]
[EventType "corr"]
[SourceDate "2005.03.19"]

1. e4 c5 2. Nf3 d6 3. d4 cxd4 4. Nxd4 Nf6 5. Nc3 a6 6. Be3 e5 7. Nf3 Be7 8. Bc4
O-O 9. O-O Be6 10. Qe2 b5 11. Bb3 h6 12. Rfd1 Nbd7 13. Ne1 Qc7 14. Nd3 Qb7 15.
f3 b4 16. Nb1 d5 17. exd5 Bxd5 18. Bxd5 Nxd5 19. Bd2 Rac8 20. c3 a5 21. Be1 Qa6
22. a3 b3 23. Nd2 Bc5+ 24. Kh1 Ne3 25. Rdc1 a4 26. Rab1 Nc2 27. Rd1 f5 28. c4
Bd4 29. Rdc1 Qb6 30. Nb4 Nxb4 31. axb4 Qxb4 32. f4 Qb7 33. Rd1 Rfe8 34. Nf3 Qe4
35. Qxe4 fxe4 36. Nxd4 exd4 37. Rxd4 Nb6 38. Rc1 a3 39. bxa3 b2 40. Rb1 Nxc4
41. Rxc4 Rxc4 42. Rxb2 Ra8 43. g4 Rxa3 44. Kg2 g6 45. Bg3 Rac3 46. Kf2 Kf7 0-1

[Event "17MCR_F"]
[Site "?"]
[Date "2005.??.??"]
[Round "?"]
[White "Svoboda, Frantisek"]
[Black "Nejtek, Jiri"]
[Result "0-1"]
[WhiteElo "2391"]
[BlackElo "2349"]
[PlyCount "78"]
[EventDate "2005.??.??"]
[EventType "corr"]
[SourceDate "2005.03.19"]

1. c4 c6 2. d4 d5 3. Nf3 e6 4. Qc2 dxc4 5. Qxc4 Nf6 6. Bg5 b5 7. Qc2 Bb7 8. e4
Nbd7 9. Nbd2 a6 10. a4 h6 11. Bxf6 Qxf6 12. e5 Qd8 13. Bd3 Be7 14. O-O O-O 15.
Rfb1 Qb8 16. axb5 cxb5 17. Rc1 Rc8 18. Bh7+ Kh8 19. Qd3 Rd8 20. Be4 Nc5 21. Qe3
Nxe4 22. Nxe4 a5 23. Nc5 a4 24. Nd2 Ra7 25. Nb1 Ba8 26. Nc3 Bxc5 27. dxc5 Rad7
28. f3 Bc6 29. Qe1 Rd2 30. Rab1 R8d4 31. Ne2 R4d3 32. Nf4 Rd7 33. Nh3 Qd8 34.
Nf2 Qg5 35. Kf1 b4 36. Rd1 Rxd1 37. Rxd1 Rxd1 38. Nxd1 Bb5+ 39. Kg1 Qc1 0-1

[Event "17MCR_F"]
[Site "?"]
[Date "2005.??.??"]
[Round "?"]
[White "Javorsky, Jan"]
[Black "Hala, Martin"]
[Result "1/2-1/2"]
[WhiteElo "2305"]
[BlackElo "2381"]
[PlyCount "61"]
[EventDate "2005.??.??"]
[EventType "corr"]
[SourceDate "2005.03.19"]

1. e4 e5 2. Nf3 Nc6 3. Bc4 Nf6 4. d4 exd4 5. O-O Nxe4 6. Re1 d5 7. Bxd5 Qxd5 8.
Nc3 Qa5 9. Nxe4 Be6 10. Bd2 Bb4 11. Neg5 Bxd2 12. Qxd2 Qxd2 13. Nxd2 O-O 14.
Nxe6 fxe6 15. Rxe6 Nb4 16. c3 Nd3 17. Nf3 dxc3 18. bxc3 Nf4 19. Re7 Rf7 20. Re3
Nd5 21. Rd3 c6 22. c4 Nb6 23. Ne5 Rf4 24. Rad1 Raf8 25. f3 Nxc4 26. Nxc4 Rxc4
27. Rd7 Rf7 28. Rd8+ Rf8 29. R8d7 Rf7 30. Rd8+ Rf8 31. R8d7 1/2-1/2

[Event "17MCR_F"]
[Site "?"]
[Date "2005.??.??"]
[Round "?"]
[White "Hala, Martin"]
[Black "Boukal, Petr"]
[Result "0-1"]
[WhiteElo "2381"]
[BlackElo "2415"]
[PlyCount "58"]
[EventDate "2005.??.??"]
[EventType "corr"]
[SourceDate "2005.03.19"]

1. e4 e6 2. d4 d5 3. Nc3 Bb4 4. Nge2 dxe4 5. a3 Bxc3+ 6. Nxc3 Nc6 7. Bb5 Nge7
8. Bg5 f6 9. Be3 O-O 10. Qd2 e5 11. dxe5 Qxd2+ 12. Bxd2 Nxe5 13. O-O-O f5 14.
Bg5 N7g6 15. Nd5 c6 16. Nc7 Rb8 17. Ba4 a6 18. Bb3+ Kh8 19. Bd2 b6 20. Rhf1 f4
21. Bb4 c5 22. Bc3 f3 23. Rg1 Rb7 24. Nd5 c4 25. Ba2 fxg2 26. Rxg2 b5 27. Bb4
Rf3 28. Nc3 Nf4 29. Rgg1 Ng4 0-1

[Event "17MCR_F"]
[Site "?"]
[Date "2005.??.??"]
[Round "?"]
[White "Laurenc, Petr"]
[Black "Bucek, Jiri"]
[Result "1/2-1/2"]
[WhiteElo "2484"]
[BlackElo "2326"]
[PlyCount "85"]
[EventDate "2005.??.??"]
[EventType "corr"]
[SourceDate "2005.03.19"]

1. d4 e6 2. e4 d5 3. Nd2 dxe4 4. Nxe4 Nd7 5. Nf3 Ngf6 6. Nxf6+ Nxf6 7. Bd3 c5
8. O-O cxd4 9. Nxd4 Bc5 10. Nf3 O-O 11. Qe2 h6 12. Bf4 b6 13. Rad1 Qe7 14. c3
a5 15. Nd2 Bb7 16. Nb3 Nd5 17. Be5 Qg5 18. g3 Rad8 19. Nxc5 bxc5 20. Rfe1 Qe7
21. Qe4 g6 22. Qg4 h5 23. Qe2 Ba8 24. c4 Nb4 25. Be4 Nc6 26. Bxc6 Bxc6 27. Rxd8
Rxd8 28. Bc3 a4 29. Qe5 f6 30. Qxf6 Qxf6 31. Bxf6 Rd3 32. f4 Kf7 33. Bc3 a3 34.
Re5 axb2 35. Bxb2 Rd1+ 36. Kf2 Rh1 37. Ke3 Rxh2 38. Bc3 Rh3 39. Be1 h4 40. Rxc5
Bg2 41. a3 hxg3 42. Rg5 Bf1 43. Rxg3 1/2-1/2

[Event "17MCR_F"]
[Site "?"]
[Date "2005.??.??"]
[Round "?"]
[White "Sykora, Josef"]
[Black "Priesol, Daniel"]
[Result "1-0"]
[WhiteElo "2394"]
[BlackElo "2318"]
[PlyCount "65"]
[EventDate "2005.??.??"]
[EventType "corr"]
[SourceDate "2005.03.19"]

1. d4 Nf6 2. c4 g6 3. Nf3 Bg7 4. Nc3 d6 5. e4 O-O 6. Be2 e5 7. O-O Nbd7 8. Be3
exd4 9. Nxd4 Re8 10. f3 c6 11. Qd2 a5 12. Rad1 Qc7 13. b3 Nc5 14. a3 Nfd7 15.
b4 axb4 16. axb4 Na6 17. Nc2 Rd8 18. f4 Re8 19. Bd4 Nf6 20. f5 Qe7 21. Qf4 gxf5
22. Qg3 Kh8 23. exf5 Nb8 24. Be3 Nfd7 25. Bg5 f6 26. Bh4 Ne5 27. Ne4 Rd8 28.
Nd4 Rg8 29. Nxd6 Qxd6 30. Ne6 Qe7 31. Qxe5 Qf7 32. Nd8 Qf8 33. Qd6 1-0

[Event "17MCR_F"]
[Site "?"]
[Date "2005.??.??"]
[Round "?"]
[White "Bucek, Jiri"]
[Black "Sykora, Josef"]
[Result "1/2-1/2"]
[WhiteElo "2326"]
[BlackElo "2394"]
[PlyCount "59"]
[EventDate "2005.??.??"]
[EventType "corr"]
[SourceDate "2005.03.19"]

1. c4 Nf6 2. Nc3 e5 3. Nf3 Nc6 4. g3 Bb4 5. Nd5 Bc5 6. Bg2 O-O 7. O-O d6 8. e3
a6 9. d4 Ba7 10. dxe5 Nxe5 11. Nxe5 dxe5 12. Qf3 Ne8 13. Nc3 c6 14. b3 Qg5 15.
e4 Qe7 16. Be3 b5 17. cxb5 axb5 18. a4 Bxe3 19. Qxe3 b4 20. Na2 Nc7 21. Rac1
Ne6 22. Rxc6 Nd4 23. Rcc1 Be6 24. Rb1 Rfc8 25. Rb2 f6 26. f4 Qd6 27. Rd1 Ra7
28. Kh1 Rac7 29. Qe1 Rb8 30. Rd3 1/2-1/2

[Event "17MCR_F"]
[Site "?"]
[Date "2005.??.??"]
[Round "?"]
[White "Laurenc, Petr"]
[Black "Boukal, Petr"]
[Result "1/2-1/2"]
[WhiteElo "2484"]
[BlackElo "2417"]
[PlyCount "63"]
[EventDate "2005.??.??"]
[EventType "corr"]
[SourceDate "2005.03.19"]

1. d4 g6 2. e4 Bg7 3. Nc3 d6 4. Be3 a6 5. Qd2 b5 6. a4 b4 7. Nd1 a5 8. c3 bxc3
9. bxc3 Nf6 10. f3 O-O 11. Bd3 Ba6 12. Ne2 Bxd3 13. Qxd3 Nbd7 14. O-O c6 15.
Bg5 Qc7 16. f4 d5 17. e5 Ne4 18. Bh4 f5 19. Ne3 Nb6 20. c4 dxc4 21. Nxc4 Nd5
22. Rfc1 Rfb8 23. Be1 e6 24. Rab1 Rxb1 25. Rxb1 Bf8 26. Ne3 Rb8 27. Nxd5 Rxb1
28. Qxb1 exd5 29. Qb2 Qa7 30. h3 Qa6 31. Kh2 Bb4 32. Bxb4 1/2-1/2

[Event "17MCR_F"]
[Site "?"]
[Date "2005.??.??"]
[Round "?"]
[White "Priesol, Daniel"]
[Black "Pravec, Ladislav"]
[Result "1/2-1/2"]
[WhiteElo "2318"]
[BlackElo "2381"]
[PlyCount "65"]
[EventDate "2005.??.??"]
[EventType "corr"]
[SourceDate "2005.03.19"]

1. e4 c5 2. Nf3 Nc6 3. d4 cxd4 4. Nxd4 Nf6 5. Nc3 e6 6. Ndb5 d6 7. Bf4 e5 8.
Bg5 a6 9. Na3 b5 10. Nd5 Be7 11. Bxf6 Bxf6 12. c3 O-O 13. Nc2 Bb7 14. a4 bxa4
15. Rxa4 Nb8 16. Bc4 Nd7 17. Ra3 Bg5 18. O-O a5 19. Qg4 Bh6 20. Rd1 Nb6 21.
Nxb6 Qxb6 22. Qe2 Bg5 23. Rb3 Qc7 24. Na3 Be7 25. Nb5 Qd7 26. Bd5 Bxd5 27. Rxd5
f5 28. exf5 Rxf5 29. c4 Raf8 30. f3 Rf4 31. Re3 Qc6 32. b3 Ra8 33. Re4 1/2-1/2

[Event "17MCR_F"]
[Site "?"]
[Date "2005.??.??"]
[Round "?"]
[White "Sochor, Frantisek"]
[Black "Masek, Jan"]
[Result "1/2-1/2"]
[WhiteElo "2308"]
[BlackElo "2368"]
[PlyCount "100"]
[EventDate "2005.??.??"]
[EventType "corr"]
[SourceDate "2005.03.19"]

1. e4 e5 2. Nf3 Nc6 3. d4 exd4 4. Nxd4 Bc5 5. Be3 Qf6 6. c3 Qg6 7. Nb5 Bxe3 8.
Nxc7+ Kd8 9. Nxa8 Bf4 10. Qc2 Nf6 11. g3 Bb8 12. Nd2 b6 13. f4 Bb7 14. Nxb6
axb6 15. O-O-O Re8 16. Qd3 Bc7 17. Bh3 Nb8 18. Bf5 Qh6 19. h4 g6 20. Bh3 Nxe4
21. Rhe1 Nd6 22. Rxe8+ Nxe8 23. Ne4 Bc6 24. Re1 Qg7 25. Bg2 f5 26. Ng5 Nd6 27.
Bd5 Kc8 28. Nf3 Ne4 29. Bxc6 dxc6 30. Ng5 Nd6 31. Qe2 Nd7 32. Kc2 Nc5 33. Qe7
Qg8 34. Rd1 Nce4 35. a4 h5 36. Ne6 Qf7 37. Qxf7 Nxf7 38. b4 Nfd6 39. Ra1 b5 40.
Nxc7 Kxc7 41. a5 Nc4 42. Kd3 Kb7 43. Kd4 Ncd2 44. Ke5 Nxc3 45. Kf6 Nde4+ 46.
Kxg6 Nxg3 47. a6+ Ka7 48. Ra3 Nce4 49. Ra5 Nc3 50. Ra3 Nce4 1/2-1/2

[Event "17MCR_F"]
[Site "?"]
[Date "2005.??.??"]
[Round "?"]
[White "Javorsky, Jan"]
[Black "Pytlik, Lesek"]
[Result "0-1"]
[WhiteElo "2305"]
[BlackElo "2365"]
[PlyCount "86"]
[EventDate "2005.??.??"]
[EventType "corr"]
[SourceDate "2005.03.19"]

1. d4 Nf6 2. c4 g6 3. g3 Bg7 4. Bg2 d5 5. cxd5 Nxd5 6. Nf3 Nb6 7. Nc3 Nc6 8. e3
O-O 9. O-O Re8 10. Qe2 e5 11. dxe5 Nxe5 12. Nxe5 Bxe5 13. f4 Bxc3 14. bxc3 Bf5
15. Rd1 Qc8 16. a4 Bg4 17. Bf3 Bxf3 18. Qxf3 Qf5 19. a5 Nc4 20. Qxb7 Rad8 21.
Rf1 Qc5 22. Qb4 Qc6 23. f5 g5 24. Qa4 Qc5 25. Qc2 h6 26. a6 Re5 27. Rd1 Rde8
28. Rd3 Rxf5 29. Qa4 Re4 30. Qd1 Ne5 31. Rd8+ Kg7 32. Ra2 Rxe3 33. Bxe3 Qxe3+
34. Kh1 Qe4+ 35. Rg2 Rf2 36. Qg1 Re2 37. Rd1 Nf3 38. Qf1 Re1 39. Rxe1 Nxe1 40.
Qe2 Qxg2+ 41. Qxg2 Nxg2 42. Kxg2 Kf6 43. Kf3 Ke5 0-1

[Event "17MCR_F"]
[Site "?"]
[Date "2005.??.??"]
[Round "?"]
[White "Hala, Martin"]
[Black "Vozda, Jindrich"]
[Result "1/2-1/2"]
[WhiteElo "2383"]
[BlackElo "2494"]
[PlyCount "76"]
[EventDate "2005.??.??"]
[EventType "corr"]
[SourceDate "2005.03.19"]

1. e4 c5 2. Nf3 Nc6 3. Nc3 e5 4. Bc4 d6 5. d3 Be7 6. Nd2 Nf6 7. Nf1 Bg4 8. f3
Be6 9. Ne3 O-O 10. O-O a6 11. a4 Nb4 12. Qe2 Rb8 13. Bd2 Nh5 14. g3 Bg5 15. Rf2
Nf6 16. Kh1 Nc6 17. Rg1 Bxe3 18. Bxe3 b5 19. axb5 Nd4 20. Qd1 axb5 21. Bxe6
fxe6 22. f4 Nc6 23. g4 exf4 24. Rxf4 Nd7 25. Rxf8+ Qxf8 26. Rf1 Qe7 27. h3 Nde5
28. Kg2 b4 29. Ne2 b3 30. c3 c4 31. d4 Nd3 32. Qd2 Qb7 33. Nf4 Ne7 34. d5 Nxf4+
35. Bxf4 exd5 36. Bxd6 dxe4 37. Qd4 e3+ 38. Rf3 Rd8 1/2-1/2

[Event "17MCR_F"]
[Site "?"]
[Date "2005.??.??"]
[Round "?"]
[White "Masek, Jan"]
[Black "Hybl, Vladislav"]
[Result "1/2-1/2"]
[WhiteElo "2365"]
[BlackElo "2305"]
[PlyCount "94"]
[EventDate "2005.??.??"]
[EventType "corr"]
[SourceDate "2005.03.19"]

1. e4 e5 2. Nf3 Nc6 3. Bb5 a6 4. Ba4 Nf6 5. O-O Be7 6. Re1 b5 7. Bb3 d6 8. c3
O-O 9. h3 Bb7 10. d4 Re8 11. Nbd2 Bf8 12. a4 h6 13. Bc2 exd4 14. cxd4 Nb4 15.
Bb1 c5 16. d5 Nd7 17. Ra3 c4 18. axb5 axb5 19. Nd4 Qb6 20. Nf5 Ne5 21. Rg3 g6
22. Nf3 Ned3 23. Be3 Qd8 24. Nxh6+ Bxh6 25. Bxh6 Qf6 26. Bxd3 Nxd3 27. Re2 Nxb2
28. Qd4 Qxd4 29. Nxd4 Nd3 30. Nxb5 Bxd5 31. f3 Be6 32. Nxd6 Red8 33. Nb5 Rdb8
34. Nc3 Rb3 35. Nd5 Kh7 36. Be3 c3 37. Bd4 Ra4 38. Bf6 Bxd5 39. Rg4 g5 40. Rxg5
Nf4 41. Rc2 Ra6 42. Bxc3 Rxc3 43. Rxc3 Ne2+ 44. Kf2 Nxc3 45. exd5 Rd6 46. g4
Rxd5 47. Rxd5 Nxd5 1/2-1/2

[Event "17MCR_F"]
[Site "?"]
[Date "2005.??.??"]
[Round "?"]
[White "Soudny, Jiri"]
[Black "Laurenc, Petr"]
[Result "1/2-1/2"]
[WhiteElo "2326"]
[BlackElo "2484"]
[PlyCount "91"]
[EventDate "2005.??.??"]
[EventType "corr"]
[SourceDate "2005.03.19"]

1. d4 d5 2. c4 c6 3. Nf3 Nf6 4. Nc3 e6 5. e3 Nbd7 6. Bd3 dxc4 7. Bxc4 b5 8. Bd3
Bb7 9. O-O a6 10. e4 c5 11. d5 Qc7 12. dxe6 fxe6 13. Bc2 Bd6 14. Ng5 Nf8 15. f4
O-O-O 16. Qe1 e5 17. f5 h6 18. Nf3 N8d7 19. Bd2 c4 20. Kh1 Kb8 21. Nd1 Qc6 22.
Ba5 Rde8 23. Nf2 Bc5 24. Rd1 Rhg8 25. b3 g6 26. fxg6 Rxg6 27. bxc4 bxc4 28. Bb4
Reg8 29. Bxc5 Qxc5 30. Nh4 R6g7 31. Rb1 Ka8 32. Bd1 Nb6 33. Bf3 c3 34. Nf5 Rc7
35. Nd3 Qa5 36. Nd6 Rd8 37. Nxb7 Rxb7 38. Be2 Nbd7 39. Rc1 Rc8 40. a3 Rb6 41.
Nb4 Qxa3 42. Bxa6 Rc5 43. Nd3 Rxa6 44. Nxc5 Nxc5 45. Rxc3 Qb4 46. Qc1 1/2-1/2

[Event "17MCR_F"]
[Site "?"]
[Date "2005.??.??"]
[Round "?"]
[White "Javorsky, Jan"]
[Black "Lounek, Jan"]
[Result "1/2-1/2"]
[WhiteElo "2305"]
[BlackElo "2380"]
[PlyCount "86"]
[EventDate "2005.??.??"]
[EventType "corr"]
[SourceDate "2005.03.19"]

1. d4 Nf6 2. c4 e6 3. Nc3 Bb4 4. e3 O-O 5. Bd2 b6 6. Bd3 Bb7 7. f3 c5 8. Nge2
d5 9. cxd5 exd5 10. O-O Re8 11. Rc1 Nc6 12. Re1 c4 13. Bb1 Bf8 14. Rf1 a6 15.
Qe1 b5 16. a3 Bd6 17. Kh1 b4 18. axb4 Nxb4 19. Qh4 Rb8 20. Na4 Bc6 21. Nc5 a5
22. Qf2 Nd7 23. e4 Na2 24. Rcd1 Rxb2 25. exd5 Bxc5 26. dxc6 Bb4 27. cxd7 Qxd7
28. Qh4 h6 29. Bxb4 axb4 30. Bxa2 Rexe2 31. Bxc4 Rxg2 32. Qf4 g5 33. Qe5 Rxh2+
34. Qxh2 Rxh2+ 35. Kxh2 Qc7+ 36. Kg2 Qxc4 37. d5 Qe2+ 38. Kh3 Qb5 39. d6 Qd7+
40. Kg2 g4 41. fxg4 Qxg4+ 42. Kh2 Qh4+ 43. Kg2 Qg5+ 1/2-1/2

[Event "17MCR_F"]
[Site "?"]
[Date "2005.??.??"]
[Round "?"]
[White "Kostal, Jindrich"]
[Black "Bucek, Jiri"]
[Result "1/2-1/2"]
[WhiteElo "2405"]
[BlackElo "2336"]
[PlyCount "72"]
[EventDate "2005.??.??"]
[EventType "corr"]
[SourceDate "2005.03.19"]

1. e4 c5 2. Nf3 d6 3. d4 cxd4 4. Nxd4 Nf6 5. Nc3 a6 6. Be3 e6 7. Be2 Qc7 8. O-O
Be7 9. a4 Nc6 10. f4 O-O 11. Kh1 Bd7 12. Qe1 d5 13. e5 Nxd4 14. Bxd4 Ne4 15.
Nxe4 dxe4 16. c4 a5 17. Qf2 f5 18. Bb6 Qc8 19. b3 Bc6 20. Rad1 Qe8 21. Qe3 Qf7
22. Bc5 Rfd8 23. Bd6 Rac8 24. Qb6 Ra8 25. Qe3 Rac8 26. Rd2 Kh8 27. Rd4 Rg8 28.
Bxe7 Qxe7 29. Rd6 g5 30. fxg5 Qxg5 31. Qxg5 Rxg5 32. g3 Rg6 33. Kg2 Rf8 34. Rf4
Rh6 35. g4 Kg7 36. h3 Rg6 1/2-1/2

[Event "17MCR_F"]
[Site "?"]
[Date "2005.??.??"]
[Round "?"]
[White "Javorsky, Jan"]
[Black "Nejtek, Jiri"]
[Result "0-1"]
[WhiteElo "2305"]
[BlackElo "2394"]
[PlyCount "74"]
[EventDate "2005.??.??"]
[EventType "corr"]
[SourceDate "2005.03.19"]

1. d4 d5 2. c4 c6 3. Nf3 e6 4. Nc3 dxc4 5. a4 Bb4 6. e3 b5 7. Bd2 a5 8. axb5
Bxc3 9. Bxc3 cxb5 10. b3 Bb7 11. bxc4 b4 12. Bb2 Nf6 13. Bd3 O-O 14. Qc2 Nbd7
15. e4 e5 16. O-O Qc7 17. dxe5 Ng4 18. Qd2 Ngxe5 19. Nxe5 Nxe5 20. Qg5 f6 21.
Qg3 Rfd8 22. Bc2 Rd2 23. Bxe5 fxe5 24. Ba4 Rad8 25. Qe3 R2d3 26. Qg5 Rf8 27. f3
Ba6 28. Rfd1 h6 29. Qc1 Qc5+ 30. Kh1 Rfd8 31. h3 Bxc4 32. Rb1 Kh8 33. Rg1 Rc3
34. Qb2 Qe3 35. Rbd1 Rxd1 36. Rxd1 b3 37. Rd2 Be6 0-1

[Event "17MCR_F"]
[Site "?"]
[Date "2005.??.??"]
[Round "?"]
[White "Pytlik, Lesek"]
[Black "Priesol, Daniel"]
[Result "1-0"]
[WhiteElo "2367"]
[BlackElo "2318"]
[PlyCount "83"]
[EventDate "2005.??.??"]
[EventType "corr"]
[SourceDate "2005.03.19"]

1. e4 e5 2. Nf3 Nf6 3. Nxe5 d6 4. Nf3 Nxe4 5. d4 d5 6. Bd3 Bd6 7. O-O O-O 8. c4
c6 9. Re1 Re8 10. Nc3 Nxc3 11. bxc3 Rxe1+ 12. Qxe1 h6 13. Rb1 b6 14. Ne5 Qe7
15. f4 Nd7 16. Bd2 Bb7 17. Qg3 Nf6 18. Re1 Qd8 19. Kh1 Bf8 20. a4 Qd6 21. a5
Re8 22. Rb1 Qd8 23. axb6 axb6 24. c5 b5 25. Re1 Nh5 26. Qf3 Nf6 27. g4 Ne4 28.
Rxe4 dxe4 29. Qxe4 Qd5 30. Qxd5 cxd5 31. Bxb5 Ra8 32. Kg1 Ra2 33. Be3 Be7 34.
Bc6 Ba8 35. Bxa8 Rxa8 36. Nc6 Kf8 37. Nb4 Rd8 38. Kf2 Ke8 39. Ke2 Rd7 40. Kd3
Bd8 41. h3 Bh4 42. Bd2 1-0

[Event "17MCR_F"]
[Site "?"]
[Date "2005.??.??"]
[Round "?"]
[White "Svoboda, Frantisek"]
[Black "Kostal, Jindrich"]
[Result "1/2-1/2"]
[WhiteElo "2391"]
[BlackElo "2405"]
[PlyCount "64"]
[EventDate "2005.??.??"]
[EventType "corr"]
[SourceDate "2005.03.19"]

1. c4 Nf6 2. Nc3 g6 3. e4 d6 4. d4 Bg7 5. Nf3 O-O 6. Be2 e5 7. Be3 Ng4 8. Bg5
f6 9. Bh4 g5 10. Bg3 Nh6 11. dxe5 fxe5 12. c5 g4 13. Nd2 dxc5 14. Nb3 Nd7 15.
h3 gxh3 16. Rxh3 c6 17. Rh1 Qe7 18. Qd3 Nf7 19. O-O-O a5 20. Qe3 Bf6 21. Nd2 b5
22. Rh5 a4 23. Rdh1 Rd8 24. a3 Nf8 25. Bh4 Bxh4 26. R1xh4 Ng6 27. Rh1 h6 28. g3
b4 29. Ncb1 Rb8 30. f4 bxa3 31. Qxa3 exf4 32. gxf4 Rb3 1/2-1/2

[Event "17MCR_F"]
[Site "?"]
[Date "2005.??.??"]
[Round "?"]
[White "Pytlik, Lesek"]
[Black "Sochor, Frantisek"]
[Result "0-1"]
[WhiteElo "2367"]
[BlackElo "2308"]
[PlyCount "124"]
[EventDate "2005.??.??"]
[EventType "corr"]
[SourceDate "2005.03.19"]

1. e4 c5 2. Nf3 d6 3. d4 cxd4 4. Nxd4 Nf6 5. Nc3 a6 6. Bg5 e6 7. f4 Qb6 8. Nb3
Nbd7 9. Qf3 Be7 10. O-O-O Qc7 11. Bd3 b5 12. Kb1 b4 13. Ne2 Bb7 14. g4 a5 15.
Bxf6 Bxf6 16. g5 Be7 17. Qh3 O-O 18. Rhg1 e5 19. Nd2 Nc5 20. f5 Nxd3 21. cxd3
f6 22. gxf6 Bxf6 23. Rc1 Qd8 24. Ng3 Bg5 25. Nh5 Rf7 26. Rg2 Kh8 27. Rcg1 Bh6
28. Nf3 Qc7 29. Nxg7 Bxg7 30. Ng5 Bf6 31. Rc1 Qd7 32. Nxf7+ Qxf7 33. Qh6 Ba6
34. Rg3 Rc8 35. Rcg1 a4 36. Ka1 Qe7 37. Kb1 a3 38. b3 Bb5 39. Rc1 Rxc1+ 40.
Qxc1 Bh4 41. Qc8+ Qe8 42. Qxe8+ Bxe8 43. Rg2 Bb5 44. Kc2 Bd8 45. Kd2 Be8 46.
Ke1 Bb6 47. Kd2 h5 48. d4 exd4 49. Kd3 h4 50. Kc4 Kh7 51. h3 d3 52. Kxd3 Bb5+
53. Kc2 Bd4 54. Rg4 Bf6 55. Rg6 Be5 56. Rg4 Be2 57. Rxh4+ Kg7 58. Kd2 Bf6 59.
Rh7+ Kxh7 60. Kxe2 Kh6 61. Kd3 Kg5 62. Kc4 Kf4 0-1